[Event "Delft Prinsenstad op-C"]
[Site "Delft"]
[Date "2010.04.03"]
[Round "2"]
[White "Vissers, Yorrick"]
[Black "Vriens, Huib"]
[Result "1-0"]
[WhiteElo "1681"]
[BlackElo "1591"]
[PlyCount "84"]
[EventDate "2010.04.02"]
[EventType "swiss"]
[EventRounds "6"]
[EventCountry "NED"]
[SourceTitle "EXT 2013"]
[Source "ChessBase"]
[SourceDate "2012.11.22"]
[SourceVersion "1"]
[SourceVersionDate "2012.11.22"]
[SourceQuality "1"]

1. e4 c5 2. Nc3 e6 3. f4 Ne7 4. Nf3 d6 5. Bb5+ Nbc6 6. 0-0 a6 7. Bxc6+ Nxc6 8. Qe1 Be7 9. d3 0-0 10. Qg3 Re8 11. e5 b5 12. Bd2 Ra7 13. exd6 Bxd6 14. Ne4 Bf8 15. Be3 Nd4 16. Qf2 Rd7 17. Ne5 Rc7 18. Rac1 Qd5 19. c4 bxc4 20. Rxc4 f6 21. Bxd4 fxe5 22. Bxe5 Qxd3 23. Rfc1 Rd7 24. h3 Bb7 25. Nxc5 Bxc5 26. Rxc5 Ree7 27. Kh2 h6 28. R1c3 Qb1 29. Rc1 Qd3 30. R5c3 Qd5 31. Qg3 Rf7 32. Qg6 Qd2 33. a3 Qd5 34. R3c2 Qb5 35. Qxe6 Kh7 36. Qg4 Qd5 37. h4 Rfe7 38. h5 Qe4 39. Re2 Qd5 40. Rce1 Qd3 41. Re3 Qd5 42. Bxg7 Rxe3 1-0